000 00636nam a2200229 i 4500
001 16864
003 ES-MaACL
005 20230906151419.0
007 t|
008 001116s1991 sp ||||0| spa d
016 7 _zSIC92019617
020 _a84-78812-118-8
040 _aM-BN
_bspa
_cSIC
080 _a711.4(460.27M.)
245 0 0 _aMadrid metrĂ³poli /
_cAyuntamiento de Madrid.
260 _aMadrid :
_bAyuntamiento,
_cD.L. 1991.
300 _a372 p :
_bfot ;
_c29 cm.
651 4 _aUrbanismo-
_zMadrid.
_9197489
710 1 _aMadrid.
_bAyuntamiento
_9234069
852 _aES-MaACL
_jG-3838
_bR.119692
999 _c16864
_d16864